000 00195 a2200097 4500
001 4152
100 _aSmith,M.L
245 _aFuels combustion
260 _a
_bMcgrawhill
_c
090 _c3369
_d3369
942 _aNUST-CAE
_cM
_c26324
999 _c239225
_d239225